000 00569nam a2200181 i 4500
001 79270
003 ES-MaACL
005 20230906173937.0
007 t|
008 041020s1966 sp ||||1| spa d
100 1 _aHerm, Gerhard.
_962731
245 1 0 _aAmérica conquista Europa
_b: El Nuevo Mundo influye sobre el Viejo /
_cGerhard Herm ; [traducción Emma Gifre].
250 _a[1ª ed.].
260 _aBarcelona :
_bNoguer,
_c[1966]
300 _a342 p., 12 lám. ;
_c23 cm.
700 1 _aGifre de Martinell, Emma.
_956703
852 _aES-MaACL
_jC-30185
_bR.60218
999 _c79270
_d79270